Laws and Principles of Quranic Sociology (Record no. 345292)
[ view plain ]
| 000 -LEADER | |
|---|---|
| fixed length control field | 00482 a2200169 4500 |
| 003 - CONTROL NUMBER IDENTIFIER | |
| control field | OSt |
| 005 - DATE AND TIME OF LATEST TRANSACTION | |
| control field | 20180116182740.0 |
| 008 - FIXED-LENGTH DATA ELEMENTS--GENERAL INFORMATION | |
| fixed length control field | 160615b xxu||||| |||| 00| 0 eng d |
| 020 ## - INTERNATIONAL STANDARD BOOK NUMBER | |
| International Standard Book Number | 0 |
| 040 ## - CATALOGING SOURCE | |
| Transcribing agency | 0 |
| 082 ## - DEWEY DECIMAL CLASSIFICATION NUMBER | |
| Classification number | 341.297 ALI 1971 |
| 100 ## - MAIN ENTRY--PERSONAL NAME | |
| Personal name | Dr. M. Basharat Ali |
| 245 ## - TITLE STATEMENT | |
| Title | Laws and Principles of Quranic Sociology |
| Statement of responsibility, etc. | Dr. M. Basharat Ali |
| 260 ## - PUBLICATION, DISTRIBUTION, ETC. | |
| Place of publication, distribution, etc. | Karachi, Pakistan |
| Name of publisher, distributor, etc. | The Jamiyat ul Falah Publications |
| Date of publication, distribution, etc. | 1971 |
| 300 ## - PHYSICAL DESCRIPTION | |
| Extent | 143 p. |
| Other physical details | PB |
| 942 ## - ADDED ENTRY ELEMENTS (KOHA) | |
| Institution code [OBSOLETE] | NBS |
| Koha item type | Book |
| Call number prefix | 341.297 ALI |
| Source of classification or shelving scheme | |
| Withdrawn status | Lost status | Damaged status | Not for loan | Permanent Location | Current Location | Date acquired | Total Checkouts | Full call number | Barcode | Date last seen | Date last checked out | Price effective from | Koha item type |
|---|---|---|---|---|---|---|---|---|---|---|---|---|---|
| NUST Law School (NLS) | NUST Law School (NLS) | 08/28/2013 | 1 | 341.297 ALI | NBSD-901 | 11/23/2017 | 08/16/2017 | 08/28/2013 | Book | ||||
| NUST Law School (NLS) | NUST Law School (NLS) | 08/28/2013 | 1 | 341.297 ALI | NBSD-900 | 11/23/2017 | 08/16/2017 | 08/28/2013 | Book | ||||
| NUST Law School (NLS) | NUST Law School (NLS) | 08/28/2013 | 1 | 341.297 ALI | NBSD-899 | 11/23/2017 | 08/16/2017 | 08/28/2013 | Book | ||||
| NUST Law School (NLS) | NUST Law School (NLS) | 08/28/2013 | 1 | 341.297 ALI | NBSD-898 | 11/23/2017 | 08/16/2017 | 08/28/2013 | Book |
